Simulator teaches flood management (Record no. 117045)
[ view plain ]
| 000 -LEADER | |
|---|---|
| fixed length control field | 01164cam a2200229 4500 |
| 001 - CONTROL NUMBER | |
| control field | WB4007-08 |
| 008 - FIXED-LENGTH DATA ELEMENTS--GENERAL INFORMATION | |
| fixed length control field | 040219n2004 000 0 eng u |
| 035 ## - SYSTEM CONTROL NUMBER | |
| System control number | (Sirsi) u125205 |
| 245 ## - TITLE STATEMENT | |
| Title | Simulator teaches flood management |
| 260 ## - PUBLICATION, DISTRIBUTION, ETC. | |
| Date of publication, distribution, etc. | 2004 |
| 490 ## - SERIES STATEMENT | |
| Series statement | DTI Press Release |
| Volume/sequential designation | (P/2004/074) 19 February 2004 (2) |
| 520 ## - SUMMARY, ETC. | |
| Summary, etc. | DTI has launched FloodRanger, a flood simulator, to raise the profile of the risks and effects of flooding around the UK. The aim of the simulator is to defend cities, towns and countryside in a fictional area of the coast over a 100 year period whilst maintaing levels of housing and jobs for an expanding population. Developed from the DTI's Foresight project on coastal and flood defences, the software is generic but could be tailored to particular environments with the developers. Press release http://213.38.88.221/gnn/national.nsf/TI/B0E239B68 DD4AEE580256E3F00416106?opendocument |
| 590 ## - LOCAL NOTE (RLIN) | |
| Local note | WB |
| 590 ## - LOCAL NOTE (RLIN) | |
| Local note | WB |
| 650 ## - SUBJECT ADDED ENTRY--TOPICAL TERM | |
| Topical term or geographic name entry element | FLOODING |
| 650 ## - SUBJECT ADDED ENTRY--TOPICAL TERM | |
| Topical term or geographic name entry element | FLOOD MANAGEMENT |
| 650 ## - SUBJECT ADDED ENTRY--TOPICAL TERM | |
| Topical term or geographic name entry element | FLOOD DEFENCES |
| 650 ## - SUBJECT ADDED ENTRY--TOPICAL TERM | |
| Topical term or geographic name entry element | COASTAL DEFENCES |
| 650 ## - SUBJECT ADDED ENTRY--TOPICAL TERM | |
| Topical term or geographic name entry element | SIMULATION MODELLING |
| 690 ## - LOCAL SUBJECT ADDED ENTRY--TOPICAL TERM (OCLC, RLIN) | |
| Topical term or geographic name as entry element | ENVIRONMENT-MANAGEMENT |
| 942 ## - ADDED ENTRY ELEMENTS (KOHA) | |
| Suppress in OPAC | 0 |
| Withdrawn status | Lost status | Source of classification or shelving scheme | Damaged status | Not for loan | Home library | Current library | Shelving location | Date acquired | Total Checkouts | Full call number | Barcode | Date last seen | Copy number | Price effective from | Koha item type |
|---|---|---|---|---|---|---|---|---|---|---|---|---|---|---|---|
| Dewey Decimal Classification | London | London | News article | 19/02/2004 | WB4007-08 | 125205-1001 | 06/08/2019 | 1 | 06/08/2019 | News article |